000 00636nam a22002177a 4500
003 UA-OsUOA
001 105140
007 ta
008 20140211b un ||||| |||| 00| 0 ukr d
100 _aБауманн Е.
090 _a330(477)
_bБ29
942 _cSA
040 _aUA-OsUOA
_bukr
_cUA-OsUOA
_dUA-OsUOA
245 _aСтандарти Європейського Союзу у сфері державних фінансів
300 _aС.21-33
955 _a0
041 _aukr
080 _a330(477)
773 0 _w105139
_tФінанси України
_dК.
_d2013
_g12
650 7 _a330 Економіка взагалі
_2UDC
999 _c391288
_d391288